| 000 | 01631nam a22002777a 4500 | ||
|---|---|---|---|
| 005 | 20180511152520.0 | ||
| 008 | 180511n sp a|||fr|||| 001 0 spa d | ||
| 040 |
_cSandra Yazo _dSandra Yazo |
||
| 041 | 1 | _aspa | |
| 082 | 0 | 4 |
_220 _a623.45115 |
| 092 | _aE46N008 | ||
| 100 | 1 |
_aSimonin, Louis-Laurent _d1830-1886 _992429 |
|
| 245 | 1 | 3 |
_aEl mundo subterráneo _csegún L. Simonin ; Traducción del francés con datos y noticias de España por Florencio Janer |
| 260 |
_aMadrid (España) _bImprenta de Gaspar y Roig. _c[fecha desconocida] |
||
| 300 |
_a200 páginas _c18 x 15 cm _bilustraciones |
||
| 490 | 0 | _aBiblioteca Científica Recreativa | |
| 500 | _aDetalles físicos: Encuadernación rígida de calidad (holandesa) en cartón duro forrado en papel jaspeado. Lomo de cuero (verde) con nervaduras sobre costuras y adornos en dorado. Guardas simulando papel de agua, la delantera rota. Hoja de cortesía. Anteportada. Portada impresa en una sola tinta. Texto impreso en una sola columna. Grabados de página entera, entre el texto. Índice. Cinta para señalar la lectura. Tapas con raspaduras | ||
| 505 | 0 | _aVisita de la casa ; El hombre antediluviano ; Los fósiles de la Concha de Aix ; La industria minera ; Las canteras de París ; Los filones metálicos ; Las sales y los gases naturales ; Las hulleras francesas ; Las minas de España | |
| 506 | _aConsulta en sala | ||
| 650 | 7 |
_916944 _aHistoria natural |
|
| 650 | 7 |
_919560 _aMinas |
|
| 650 | 7 |
_915384 _aExcavaciones |
|
| 690 |
_aCiencias naturales _910813 |
||
| 700 | 1 |
_aJaner, Florencio _etraductor _960901 |
|
| 942 |
_2LOCAL _cLIBRO _e1 _hE46N008 |
||
| 999 |
_c309873 _d309873 |
||